Europe flags- multiple choice - Statistics

General Stats
  • This quiz has been taken 82 times
  • The average score is 15 of 20
Answer Stats
Question Tile Select % Correct
European flags Yes
100%
European flags No
98%
European flags Yes
97%
European flags No
95%
European flags Yes
90%
European flags Yes
87%
European flags Yes
87%
European flags No
87%
European flags Yes
87%
European flags Yes
85%
European flags Yes
85%
European flags No
82%
European flags Yes
80%
European flags No
72%
European flags No
70%
European flags No
57%
European flags No
50%
European flags No
48%
European flags No
38%
European flags No
32%
No matching quizzes found
Score Distribution
Percent of People with Each Score
Percentile by Number Answered
Your Score History
You have not taken this quiz